| 000 | 006770000a22002050004500 | ||
|---|---|---|---|
| 003 | LK-CoMWRAF | ||
| 005 | 20231115151229.0 | ||
| 008 | 230817t1995 ||||| |||| 00| 0 eng d | ||
| 020 | _a0706987918 | ||
| 040 |
_aLK-CoMWRAF _dLK-CoMWRAF _eLK-CoMWRAF |
||
| 041 | _aeng | ||
| 082 |
_a954.9302 _bWIC |
||
| 100 | _aWickramasinghe, Nira | ||
| 245 | _aEthnic Politics in Colonial Sri Lanka 1927-1947 | ||
| 260 |
_aNew Delhi: _bVikas publishing House, _c1995 |
||
| 300 |
_a xxiii, 289 p. : map ; 22 cm. _bBibliography, glossary and index included |
||
| 650 | _aPOLITICAL CONDITIONS- history -- Sri Lanka | ||
| 650 | _a Sri Lanka--Ethnic relations--Political aspects. | ||
| 942 | _cBK | ||
| 999 |
_c3063 _d3063 |
||